OIT Publicaciones 2006 /

Αποθηκεύτηκε σε:
Λεπτομέρειες βιβλιογραφικής εγγραφής
Συλλογικό Έργο: Oficina Internacional del Trabajo, OIT
Μορφή: Κείμενο
Έκδοση: Ginebra: OIT
Θέματα:
Ετικέτες: Προσθήκη ετικέτας
Δεν υπάρχουν, Καταχωρήστε ετικέτα πρώτοι!

MARC

LEADER 00000 a a2200000 04500
001 34354
003
040
020 |a 92-2-318540-8  
090 |a 1007 O32o  
110 |a Oficina Internacional del Trabajo  
245 |a OIT Publicaciones 2006 /  |c Oficina Internacional del Trabajo  
260 |a Ginebra:   |b OIT  
300 |a 20 p.   |b il.  
650 |a PUBLICACIONES  
650 |a EMPLEO  
650 |a IGUALDAD DE GENERO  
650 |a TRABAJO  
650 |a MUJER  
650 |a SEGURIDD  
650 |a SALUD  
650 |a DERECHO AL TRABAJO  
650 |a MUNDO  
710 |a OIT  
999 |c 15149  |d 15149